Visualizzazione normale
Vista MARC
- Anderson Laurie
di Personal Name
Records bibliografici associati: 1
001 - CONTROL NUMBER
- control field: 26201
003 - CONTROL NUMBER IDENTIFIER
- control field: IT-RoPau
005 - DATE AND TIME OF LATEST TRANSACTION
- control field: 20140522173408.0
008 - FIXED-LENGTH DATA ELEMENTS
- fixed length control field: 140522|| aca||aabn | a|a d
040 ## - CATALOGING SOURCE
- Original cataloging agency: IT-RoPau
- Transcribing agency: IT-RoPau
100 ## - HEADING--PERSONAL NAME
- Personal name: Anderson Laurie
- Miscellaneous information: Codice interprete SPICS: 11861
- Relator term: Interprete
670 ## - SOURCE DATA FOUND
- Source citation: Work cat.: (IT-RoPau)101180: Anderson Laurie 1097, Strange Angels